Literárna Orava

Bibliographic Details
Main Author: Habovštiak, Anton, 1924-2004 (Author)
Format: Article
Language:Slovak

MARC

LEADER 00000nab a2200000 a 4500
001 vtls011101641
003 SK-MaSNL
005 20260303150027.0
008 230222|1983 xo |||||||||||||||||slo|
015 |a SNBRB 
035 |a (uuid)6896f33a-2ef5-47a9-bff2-1e59cc462fce 
035 |a (urnnbn)urn:nbn:sk:snk:ar-0079nj 
035 |a urn:nbn:sk:snk-ab97ui 
040 |a SNKBUCL  |b slo  |c SNKBUCL  |e AACR2 
041 0 |a slo 
044 |a xo  |c SK 
100 1 |a Habovštiak, Anton,  |d 1924-2004  |4 aut  |9 92747 
245 1 0 |a Literárna Orava  |c Anton Habovštiak 
773 0 |t Studia Academica Slovaca : prednášky ... letnej školy slovenského jazyka a kultúry  |g Roč. 12, č. 12 (1983), s. [195]-210 
954 |a odborná, vedecká literatúra pôvodná (slovenská)  |2 lita 
958 |a OND 
958 |a EUIPO 
958 |a article13 
999 |c 2006913  |d 2008843